| 000 | 01297nam a22003857a 4500 | ||
|---|---|---|---|
| 003 | CHAP | ||
| 005 | 20220329133440.0 | ||
| 008 | 971013s1992 r 00010 d | ||
| 010 | _a6522 | ||
| 011 | _a7494 | ||
| 035 | _a6717 | ||
| 040 | _cCHAP | ||
| 090 | _aTesis | ||
| 100 | 0 | 0 |
_aLeón Merino, Aurelio. _966160 |
| 245 | _aModelo econométrico de la producción de frijol en riego y temporal usando ecuaciones simultáneas | ||
| 260 |
_aChapingo, Méx. : _bEl autor, _c1992 |
||
| 300 | _a92 h. | ||
| 500 | _a62-165 | ||
| 502 | _aTesis (Ing. Agr. Esp. en Economía Agrícola) -- UACH. Departamento de Economía Agrícola | ||
| 590 |
_aALEPH _b10 _c20130110 _lUCH01 _h1219 |
||
| 590 |
_aBATCH-UPD _b10 _c20130110 _lUCH01 _h1249 |
||
| 590 |
_aBATCH-UPD _b10 _c20130410 _lUCH01 _h0812 |
||
| 590 |
_aBATCH-UPD _b10 _c20130914 _lUCH01 _h1009 |
||
| 590 |
_aCONVERSION _b10 _c20130109 _lUCH01 _h1305 |
||
| 650 | 1 | 4 |
_aFrijol _xIrrigación. _943398 |
| 650 | 1 | 4 |
_aFrijol _xMercadeo. _943406 |
| 650 | 1 | 4 |
_aFrijol _xMétodos estadísticos. _943407 |
| 650 | 1 | 4 |
_aFrijol _xPrecios. _943420 |
| 650 | 1 | 4 |
_aFrijol _xRendimiento. _943429 |
| 650 | 1 | 4 |
_aPolítica de precios. _990480 |
| 700 | 0 |
_aCarmona Montalvo, Jesús. _919037 |
|
| 901 | _aBK | ||
| 942 | _cTESIS | ||
| 949 |
_bBC _cTES _d-16327 _eTS1 _h25201 _i6717 _si |
||
| 999 |
_c6522 _d6522 |
||